000 00547nam a2200181 i 4500
001 87866
003 ES-MaACL
005 20250806060940.0
007 t|
008 041227s1906 fr ||||1| fre d
100 1 _aLacassagne, Alexander.
_969344
245 1 0 _aPrécis de médicine légale /
_cpar Alexander Lacassagne.
260 _aParis :
_b[s.n.],
_c1906 (
_eCoulommiers :
_fPaul Brodard)
300 _aXVIII, 891 p. ;
_c20 cm.
650 0 7 _aMedicina legal
_2embne
_914928
852 _aES-MaACL
_jB-11789
999 _c87866
_d87866